000
00309nam a2200121 a 4500
008
100917s1966|||| d
245
1
0
_a
Spitý dážď
100
1
_a
Darvas, József
260
_b
Vydavateľstvo politickej literatúry
_c
1966
_a
Bratislava
044
_a
xo
_c
SK
041
_a
slo
020
_c
17,50
999
_c
10461
_d
10461